000 00661nam a2200193 i 4500
001 34961
003 ES-MaACL
005 20250723100700.0
007 t|
008 030211s1973 sp ||||1| spa d
100 1 _aBoixados Servat, J. Ramón.
_929914
245 1 0 _aHidatidosis del sistema nervioso central /
_cpor J. Ramón Boixados Servat.
260 _aMadrid :
_bPublicaciones Controladas,
_c[1973]
300 _a144 p. :
_bil. ;
_c24 cm.
500 _aPrecede al tít.: Universidad de Madrid. Facultad de Medicina.
710 2 _aUniversidad de Madrid.
_bFacultad de Medicina
_97215
852 _aES-MaACL
_jC-55583
_bR.88225
999 _c34961
_d34961